Normal view
MARC view
- Ahmed, Shoaib
Entry Personal Name
001 - CONTROL NUMBER
- control field: 119494
003 - CONTROL NUMBER IDENTIFIER
- control field: NUST
005 - DATE AND TIME OF LATEST TRANSACTION
- control field: 20231206154652.0
008 - FIXED-LENGTH DATA ELEMENTS
- fixed length control field: 231206|| aca||aabn | a|a d
040 ## - CATALOGING SOURCE
- Original cataloging agency: NUST
- Transcribing agency: NUST
100 ## - HEADING--PERSONAL NAME
- Personal name: Ahmed, Shoaib
670 ## - SOURCE DATA FOUND
- Source citation: Work cat.: (NUST): Ahmed, Shoaib , Design and Techno-Economic Analysis of Net Zero Energy Buildings using Energy Simulations /
